Nghiên cứu Huế

में बचाया:
ग्रंथसूची विवरण
स्वरूप: पुस्तक
भाषा:Undetermined
प्रकाशित: Huế Trung tâm nghiên cứu Huế 2002
विषय:
टैग : टैग जोड़ें
कोई टैग नहीं, इस रिकॉर्ड को टैग करने वाले पहले व्यक्ति बनें!
Thư viện lưu trữ: Trung tâm Học liệu Trường Đại học Cần Thơ
LEADER 00417nam a2200145Ia 4500
001 CTU_46949
008 210402s9999 xx 000 0 und d
082 |a 915.97 
082 |b Ngh305/T3 
245 0 |a Nghiên cứu Huế 
260 |a Huế 
260 |b Trung tâm nghiên cứu Huế 
260 |c 2002 
650 |a hue - description and travel 
980 |a Trung tâm Học liệu Trường Đại học Cần Thơ